|
|
|
|
| LEADER |
00000cam a2200000 i 4500 |
| 001 |
1/59086 |
| 008 |
141104s1958 gre d |
| 035 |
|
|
|l 10119636
|
| 040 |
|
|
|a GR-MY-UA
|b gre
|e aacr
|
| 041 |
0 |
|
|a gre
|
| 082 |
0 |
|
|a 111
|2 (23)
|
| 100 |
1 |
|
|a Heidegger, Martin,
|d 1889-1976.
|
| 245 |
1 |
0 |
|a Περί της ουσίας της αλήθειας /
|c Martin Heidegger ; πρόλογος: Κ. Δ. Γεωργούλη, μετάφραση: Α. Ιωάννου
|
| 260 |
|
|
|a Αθήναι :
|b [χ.ε.],
|c 1958
|
| 300 |
|
|
|a 42 σ.;
|c 21 εκ.
|
| 650 |
0 |
0 |
|a Philosophy, Modern.
|
| 650 |
0 |
0 |
|a Truth
|x Philosophy.
|
| 700 |
1 |
|
|a Ιωάννου, Α.
|4 trl
|
| 852 |
|
|
|a INST
|b LESVOS
|e 20141104
|h 111 HEI
|p 005100055000
|q 005100055000
|t BK
|y 0
|
| 901 |
|
|
|a BIBL1-2014-3
|
| 909 |
|
|
|a Λ
|b 191015
|
| 970 |
|
|
|a ΤΖΑΦΕΡΗ
|b ΕΥΑΓΓΕΛΙΑ
|z 2014/10/04
|